Serman do glorioso Sam Francisco de Boria que em Coimbra, no Real Collegio da Companhia de Iesu, no quarto dia de su oytavario, em que se celebrou a su canonizaçam, este anno de M.DC.LXXI pregou o P. M. Fr. Christovam de Foyos... ao Illustrissimo & Reverendissimo Senhor Dom Luis de Sousa bispo de Lamego

Detalles Bibliográficos
Autor principal: Toyos, Cristóbal de
Formato: Libro
Lenguaje:Undetermined
Portuguese
Publicado: em Coimbra : na officina de Joseph Ferreyra ; a custa de Sebastiao Rodrigues, mercador de livros, 1672.
Materias:
Colección:Banco de datos
Acervo:Biblioteca Palafoxiana. Colección bibliográfica
Descripción Física:31 p. ; 4°
Tema general:Homilética
Notas:Marca de fuego: Colegio de San Juan. Número de localización: 15446-S
LEADER 00917nam a2200181Ia 4500
008 150723s9999 xx 000 0 und d
041 0 |a por 
050 0 |a PAFX BV4207 L5 
100 1 |a Toyos, Cristóbal de 
245 1 0 |a Serman do glorioso Sam Francisco de Boria que em Coimbra, no Real Collegio da Companhia de Iesu, no quarto dia de su oytavario, em que se celebrou a su canonizaçam, este anno de M.DC.LXXI pregou o P. M. Fr. Christovam de Foyos... ao Illustrissimo & Reverendissimo Senhor Dom Luis de Sousa bispo de Lamego 
260 |a em Coimbra : na officina de Joseph Ferreyra ; a custa de Sebastiao Rodrigues, mercador de livros, 1672. 
300 |a 31 p. ; 4° 
500 |a Marca de fuego: Colegio de San Juan. Número de localización: 15446-S 
501 |a Encuadernado con 27 obras 
650 1 0 |a Homilética 
942 |c PALALIB 
943 |g Biblioteca Palafoxiana. Colección bibliográfica 
999 |c 1053483  |d 1053483